000 00825nam a2200193 i 4500
001 114539
003 ES-MaACL
005 20250811071125.0
007 t|
008 070308s1912 sp ||||1| spa d
110 1 _aEspaña.
_bDirección General de Primera Enseñanza.
_9176375
245 1 0 _aMemoria de los trabajos realizados por la Dirección General de Primera Enseñanza en el año de 1911, servicios que tiene encomendados y medios que necesita para cumplir todas las funciones que le corresponden.
260 _aMadrid :
_b[s.n.],
_c1912.
300 _a97 p. ;
_c26 cm.
500 _aPrecede al tit.: Ministerio de Instrucción Pública y Bellas Artes.
710 1 _aEspaña.
_bMinisterio de Instrucción Pública y Bellas Artes
_9226896
852 _aES-MaACL
_jT-1218-F-11
999 _c114539
_d114539